| 000 | 00907nam a22002417a 4500 | ||
|---|---|---|---|
| 999 |
_c20889 _d20889 |
||
| 003 | AR-CdUCM | ||
| 008 | 190607b ||||| |||| 00| 0 spa d | ||
| 040 |
_aMUNICIPALIDAD PROVINCIAL DEL CUSCO _cBIBLIOTECA MUNICIPAL DEL CUSCO |
||
| 082 |
_a807 / _bC81 |
||
| 100 |
_aOyaguren Silva, Rocio (presidenta) _943592 |
||
| 110 |
_aComunicaciónactiva (Asesoria Integral en Comunicaciones) _943593 |
||
| 245 | _aV salón internacional de humor gráfico Lima 2012 / | ||
| 260 |
_aLima : _c2012. |
||
| 300 |
_a87 páginas ; _bIlustraciones, _c22 cm |
||
| 505 | _aContenido: Humor gráfico. | ||
| 650 |
_aHumor _92515 |
||
| 650 |
_aHumor gráfico _943594 |
||
| 650 |
_aContaminación - Humor _943595 |
||
| 700 |
_aZevallos Velarde, Omar (coordinador artístico) _943596 |
||
| 700 |
_aLinares Alvarez, Carlos y Zevallos , Omar (edición, diseño y maquinación) _943597 |
||
| 942 |
_2ddc _cLIBROS |
||
| 945 | _aAndy | ||